V éteri zaznelo TOP rádio Košice

Bibliographic Details
Main Author: Sedláčik, Ľubomír (Author)
Corporate Authors: Top Rádio, Košice (Author), Filjo (firma : Košice, Slovensko) (Author)
Format: Article
Language:Slovak
Subjects:

MARC

LEADER 00000nab a2200000 a 4500
001 vtls000917990
003 SK-MaSNL
005 20260303034139.0
008 040720e19931129xo 0 slo
035 |a KE26867 
040 |a KEVKJB  |b slo  |c KEVKJB  |e AACR2 
041 0 |a slo 
044 |a xo  |c SK 
080 |a 7.096  |2 1981 
080 |a 334.7  |2 1981 
100 1 |a Sedláčik, Ľubomír  |4 aut  |9 842443 
245 1 0 |a V éteri zaznelo TOP rádio Košice 
518 |a 27.11.1993 
610 2 7 |a TOP radio  |2 KEVKJB  |9 877528 
610 2 7 |a Filjo (firma : Košice, Slovensko)  |2 KEVKJB  |9 1019015 
650 0 7 |a vysielanie súkromné  |2 KEVKJB  |9 1019016 
650 0 7 |a vznik  |2 KEVKJB  |9 315833 
650 0 7 |a náplň programová  |2 KEVKJB  |9 873700 
650 0 7 |a informácie  |2 KEVKJB  |9 1285 
651 7 |a KE,  |2 KEVKJB  |9 877256 
655 7 |a periodikum  |2 snkbucl  |9 29553 
710 2 |a Top Rádio, Košice  |4 aut  |9 877527 
710 2 |a Filjo (firma : Košice, Slovensko)  |4 aut  |9 1019015 
773 0 8 |t Nový čas  |g Roč. 3  |g Roč. 28, č.278, 29.11.1993, s. 6 
852 |a ZVYKNI  |b KIS3GCP 
999 |c 1672513  |d 1674443